| 000 | 02737cam a2200205 i 4500 | ||
|---|---|---|---|
| 020 | _a9781118762356 (hardback) | ||
| 082 | 0 | 0 |
_a388.0684 _bMEY _cN-02,P-99 |
| 245 | 0 | 0 |
_aTransportation planning handbook / _cInstitute of Transportation Engineers, [edited by] Michael D. Meyer. |
| 250 | _aFourth edition. | ||
| 300 |
_axvii, 1182 pages : _billustrations ; _c28 cm |
||
| 500 | _aIncludes index. | ||
| 500 | _aRevised edition of Transportation planning handbook, 2009. | ||
| 520 | _a"A multi-disciplinary approach to transportation planning fundamentals The Transportation Planning Handbook is a comprehensive, practice-oriented reference that presents the fundamental concepts of transportation planning alongside proven techniques. This new fourth edition is more strongly focused on serving the needs of all users, the role of safety in the planning process, and transportation planning in the context of societal concerns, including the development of more sustainable transportation solutions. The content structure has been redesigned with a new format that promotes a more functionally driven multimodal approach to planning, design, and implementation, including guidance toward the latest tools and technology. The material has been updated to reflect the latest changes to major transportation resources such as the HCM, MUTCD, HSM, and more, including the most current ADA accessibility regulations. Transportation planning has historically followed the rational planning model of defining objectives, identifying problems, generating and evaluating alternatives, and developing plans. Planners are increasingly expected to adopt a more multi-disciplinary approach, especially in light of the rising importance of sustainability and environmental concerns. This book presents the fundamentals of transportation planning in a multidisciplinary context, giving readers a practical reference for day-to-day answers. Serve the needs of all users Incorporate safety into the planning process Examine the latest transportation planning software packages Get up to date on the latest standards, recommendations, and codes Developed by The Institute of Transportation Engineers, this book is the culmination of over seventy years of transportation planning solutions, fully updated to reflect the needs of a changing society. For a comprehensive guide with practical answers, The Transportation Planning Handbook is an essential reference"-- | ||
| 526 |
_a0 _b0 _c0 _d388_068400000000000_MEY |
||
| 650 | 0 |
_aTransportation _xPlanning _919652 |
|
| 650 | 7 |
_aTECHNOLOGY & ENGINEERING / Civil / General. _96298 |
|
| 700 | 1 |
_aMeyer, Michael D., _951494 |
|
| 710 | 2 |
_aInstitute of Transportation Engineers. _920747 |
|
| 942 |
_2ddc _cBK |
||
| 999 |
_c554176 _d554176 |
||